000 01491ngm a22003852a 4500
001 on1499875935
003 MWT
005 20250620123218.0
007 vd cvaizs
008 250620s2025 xxu133 j vleng d
040 _aMidwest
020 _a
_c$24.99
024 1 _a810157465368
028 4 2 _a17794129
245 0 0 _aBaby Einstein Season 2
_h[videorecording].
250 _aWidescreen ed.
260 _a[United States] :
_bDreamscape Media,
_c2025.
300 _a1 videodisc (ca. 133 min.) :
_bsd., col. ;
_c4 3/4 in.
500 _a04/15/2025
511 1 _aJulie Aigner-Clark, Dave Privett, June Privett, Kirsten Kairos.
508 _aDirector, Julie Aigner-Clark, Jim Janicek, Mark Lavine, Len Marino.
538 _aDVD.
546 _aEnglish audio.
546 _aClosed-captioned.
520 _aBaby Einstein helps parents cultivate their baby's curiosity through experiences of shared discovery and creativity. Your baby's knowledge will grow as they explore the world with friendly characters, discover numbers and letters, and nurture musical appreciation with classic lullabies and nursery rhymes.
650 4 _aChildren's films.
650 4 _aEducational.
_95866947
650 4 _aPreschool.
655 4 _aChildren's.
700 1 _aAigner-Clark, Julie
_949445
700 1 _aPrivett, Dave
_96483774
700 1 _aPrivett, June
700 1 _aKairos, Kirsten
_974601
856 7 _3View cover art
_uhttps://thumbnail.midwesttape.com/17794129_180.jpg
_2https
999 _c409232
_d409232